000 01055nam a2200301 a 4500
001 22284
003 VRT
005 20260325102114.0
008 190311s1984 xo 000 0 slo
035 _aSVKPOKN097604
039 9 _a202009232010
_bAUTHORITY
_c201903110548
_dVLOAD
_c201903071007
_dVLOAD
_c201803141444
_dAUTHORITY
040 _aSVKPOKN
_bslo
_cSVKPOKN
_dSVKPO
_eAACR2
041 0 _aslo
_hger
044 _axo
_cSK
080 _a830-3=854
100 1 _aMeinck, Willi,
_d1914-1993
245 1 0 _aObdivuhodné putovanie Marca Pola
_b: zo života šľachetného a presláveného Benátčana,ktorý obohatil Európu o poznanie cudzieho obdivuhodného sveta
_cWilli Meinck; P. Branko
250 _a1.vyd..
260 _aBratislava
_bML
_c1984
300 _a415 str.
490 0 _aStopy
655 7 _aumelecká literatúra
_2svkpo
700 1 _aBranko, Pavel,
_d1921-2020
_4trl
910 _asvkponkat
942 _2ddc
_cKLDO
_n0
949 _asvkpoA 130009
_bsvkpo306161
_o18121
_s6722:20130605
999 _c22284
_d22284